000 00698nam a2200229 a 4500
001 BRL_1178
005 20190320211053.0
008 211113s1933----gw-a######---#000-0#ger-#
041 _ager
044 _agw
050 4 _aPT2653
_b.M53 1933
100 1 _aMichaelis, Karin
_926017
245 1 0 _aDie Grüne Insel
_bein buch für die jugend
_cKarin Michaelis ; Mit 61 zeichnungen und farbigem titelbild von Hedvig Collin.
260 _aBerlin
_bHerbert Stuffer
_c1933
300 _a287 p.
_bil.
_c20 cm.
500 _aAu1339
500 _aEstado físico: desprendimiento del lomo.
650 1 4 _aLiteratura Alemana
_96160
700 1 _aCollin, Hedvig
_eil.
_926018
902 _aGRL
942 _2lcc
_cB
999 _c9990
_d9990